000 00479nmm a2200157Ia 4500
008 251105s9999||||xx |||||||||||||||||und||
041 _aspa
100 _aAlvarez Fernández, Manuel
245 0 _aDirigir es organizar
264 _a[Madrid, España] :
_bUniversidad de Deusto,
_c1996
300 _a90 páginas
490 _aAzul - Cuadernos Monográficos del ICE
650 _aEconomics and Business
856 _uhttps://public.digitaliapublishing.com/a/19265
942 _cCF
999 _c98464
_d98464